000 00809nam1a22002291 4500
001 rc\3163341
005 20120615110445.7
035 _a(NLR Aleph) 007303795
090 _a5738112
_c5738112
100 _a20120615d1976 |||y0rusy50 ca
101 0 _arus
102 _aRU
105 _a j |||||
200 1 _aКурс лекций по биотехнологии
_fМ-во высш. и сред. спец. образ. ЛатвССР. Риж. политехн. ин-т. Кафедра технологии тонкого орган. синтеза
210 _aРига
_cБ. и.
_d1976
215 _d20
700 1 _aКоролькова
_bВ. С.
_gВалентина Степановна
801 0 _aRU
_bNLR
_gpsbo
801 1 _aRU
_bELAR
_2rusmarc
852 _aNLR
_j76-4/29652
942 _cBOOK
980 _aNB